Maʻa al-adab al-ʻArabī al-qadīm, (Record no. 45073)

MARC details
000 -LEADER
fixed length control field 00781cam a22002411 4500
001 - CONTROL NUMBER
control field ne 62000518
003 - CONTROL NUMBER IDENTIFIER
control field DLC
005 - DATE AND TIME OF LATEST TRANSACTION
control field 20260227111735.0
008 - FIXED-LENGTH DATA ELEMENTS--GENERAL INFORMATION
fixed length control field 941005s1960 iq b 000 0 ararc
010 ## - LIBRARY OF CONGRESS CONTROL NUMBER
LC control number ne 62000518
035 ## - SYSTEM CONTROL NUMBER
System control number (OCoLC)31228058
040 ## - CATALOGING SOURCE
Original cataloging agency Princeton Univ. Libr.
Transcribing agency CU
Modifying agency CU
-- DLC
042 ## - AUTHENTICATION CODE
Authentication code premarc
050 00 - LIBRARY OF CONGRESS CALL NUMBER
Classification number PJ7515
Item number .S2
100 1# - MAIN ENTRY--PERSONAL NAME
Personal name Sallūm, Dāʼūd.
245 10 - TITLE STATEMENT
Title Maʻa al-adab al-ʻArabī al-qadīm,
Statement of responsibility, etc. taʼlīf Dāʼūd Sallūm.
260 ## - PUBLICATION, DISTRIBUTION, ETC.
Place of publication, distribution, etc. al-Najaf,
Name of publisher, distributor, etc. Maṭbaʻat al-Ādāb,
Date of publication, distribution, etc. [1960]
300 ## - PHYSICAL DESCRIPTION
Extent 173 p.
Dimensions 22 cm.
504 ## - BIBLIOGRAPHY, ETC. NOTE
Bibliography, etc. note Bibliography: p. 172-173.
500 ## - GENERAL NOTE
General note Cover title: Essays on ancient Arabic literature, by D. Salloum.
650 #0 - SUBJECT ADDED ENTRY--TOPICAL TERM
Topical term or geographic name entry element Arabic literature
General subdivision History and criticism.
740 0# - ADDED ENTRY--UNCONTROLLED RELATED/ANALYTICAL TITLE
Uncontrolled related/analytical title Essays on ancient Arabic literature.

No items available.

Powered by Koha